Countries where Disney Plus is available - Statistics

General Stats
  • This quiz has been taken 105 times
  • The average score is 12 of 14
Answer Stats
Answer % Correct
North America Canada
97%
North America United States
97%
Europe Spain
96%
Europe United Kingdom
96%
Europe Germany
95%
Oceania Australia
92%
Europe France
92%
Oceania New Zealand
88%
Europe Italy
85%
Europe Ireland
77%
Europe Austria
74%
Asia India
72%
Europe Switzerland
72%
Europe Netherlands
69%
No matching quizzes found
Score Distribution
Percent of People with Each Score
Percentile by Number Answered
Your Score History
You have not taken this quiz